|
|
|
|
| LEADER |
00000cam a22000004a 4500 |
| 001 |
musev2_85616 |
| 003 |
MdBmJHUP |
| 005 |
20230905052808.0 |
| 006 |
m o d |
| 007 |
cr||||||||nn|n |
| 008 |
100712s2003 cc o 00 0 eng d |
| 020 |
|
|
|a 9789882378919
|
| 020 |
|
|
|z 9789629960681
|
| 035 |
|
|
|a (OCoLC)1265463990
|
| 040 |
|
|
|a MdBmJHUP
|c MdBmJHUP
|
| 041 |
1 |
|
|a eng
|h chi
|
| 100 |
1 |
|
|6 880-01
|a Gao, Xingjian.
|
| 240 |
1 |
0 |
|6 880-02
|a Ba yue xue.
|l English
|
| 245 |
1 |
0 |
|a Snow in August :
|b Play by Gao Xingjian /
|c Gao Xingjian ; translated by Gilbert C.F. Fong.
|
| 264 |
|
1 |
|a Hong Kong :
|b Chinese University Press, The Chinese University of Hong Kong,
|c 2003.
|
| 264 |
|
3 |
|a Baltimore, Md. :
|b Project MUSE,
|c 2021
|
| 264 |
|
4 |
|c ©2003.
|
| 300 |
|
|
|a 1 online resource (108 pages):
|b illustrations (some color)
|
| 336 |
|
|
|a text
|b txt
|2 rdacontent
|
| 337 |
|
|
|a computer
|b c
|2 rdamedia
|
| 338 |
|
|
|a online resource
|b cr
|2 rdacarrier
|
| 500 |
|
|
|a Drama.
|
| 546 |
|
|
|a Translation of: Bayue xue.
|
| 588 |
|
|
|a Description based on print version record.
|
| 600 |
1 |
7 |
|a Gao, Xingjian.
|2 fast
|0 (OCoLC)fst00110478
|
| 600 |
1 |
0 |
|a Gao, Xingjian
|v Translations into English.
|
| 650 |
|
7 |
|a Drama
|x Chinesisch
|v Ausgabe.
|2 idszbz
|
| 655 |
|
7 |
|a Translations.
|2 fast
|0 (OCoLC)fst01423791
|
| 655 |
|
7 |
|a Electronic books.
|2 local
|
| 700 |
1 |
|
|a Fong, Gilbert Chee Fun.
|
| 710 |
2 |
|
|a Project Muse.
|e distributor
|
| 830 |
|
0 |
|a Book collections on Project MUSE.
|
| 880 |
0 |
4 |
|6 600-00/$1
|a 慧能,
|d 638-713
|v Drama.
|
| 880 |
1 |
|
|6 246-03/$1
|i Spine title also in Chinese:
|a 八月雪
|
| 880 |
1 |
0 |
|6 240-02/$1
|a 八月雪.
|l English
|
| 880 |
1 |
|
|6 100-01/$1
|a 高行健.
|
| 856 |
4 |
0 |
|z Texto completo
|u https://projectmuse.uam.elogim.com/book/85616/
|
| 945 |
|
|
|a Project MUSE - Custom Collection
|